Characterization of the large and small rubber particles in fresh Hevea latex (Record no. 55450)

MARC details
000 -LEADER
fixed length control field 00449nam a2200157Ia 4500
100 ## - MAIN ENTRY--AUTHOR NAME
Personal name Sakdapipanich J T
245 #0 - TITLE STATEMENT
Title Characterization of the large and small rubber particles in fresh Hevea latex
260 ## - PUBLICATION, DISTRIBUTION, ETC. (IMPRINT)
Name of publisher Rubber Chemistry and Technology
Year of publication 2002
300 ## - PHYSICAL DESCRIPTION
Number of Pages 179-185
650 ## - SUBJECT ADDED ENTRY--TOPICAL TERM
Topical Term Hevea latex
650 ## - SUBJECT ADDED ENTRY--TOPICAL TERM
Topical Term Rubber particles
700 ## - ADDED ENTRY--PERSONAL NAME
Personal name Kawahara S
700 ## - ADDED ENTRY--PERSONAL NAME
Personal name Nawamawat K
942 ## - ADDED ENTRY ELEMENTS (KOHA)
Koha item type Journals
Holdings
Withdrawn status Lost status Damaged status Not for loan Home library Current library Shelving location Date acquired Serial Enumeration / chronology Koha item type
      Journals RRII Library RRII Library Rubber chemistry 20/11/2002 Volume 75, Issue 2 Journals